|
|
|
|
| LEADER |
01587nam a2200397 i 4500 |
| 001 |
EBC6507687 |
| 003 |
MiAaPQ |
| 005 |
20220528195351.0 |
| 006 |
m o d | |
| 007 |
cr cnu|||||||| |
| 008 |
220528s2019 fr o 000 0 fre d |
| 020 |
|
|
|z 9791090293571
|q (print)
|
| 020 |
|
|
|a 9782140134999
|q (electronic bk.)
|
| 035 |
|
|
|a (MiAaPQ)EBC6507687
|
| 035 |
|
|
|a (Au-PeEL)EBL6507687
|
| 035 |
|
|
|a (OCoLC)1240585228
|
| 040 |
|
|
|a MiAaPQ
|b eng
|e rda
|e pn
|c MiAaPQ
|d MiAaPQ
|
| 050 |
|
4 |
|a HB171.5
|b .B657 2019
|
| 082 |
0 |
|
|a 330
|2 23
|
| 100 |
1 |
|
|a Boissin, Olivier,
|e author.
|
| 245 |
1 |
0 |
|a Comprendre l'economie Contemporaine :
|b Une Analyse economique et Monetaire /
|c Olivier Boissin.
|
| 264 |
|
1 |
|a Paris, France :
|b Campus Ouvert,
|c [2019]
|
| 264 |
|
4 |
|c Ã2019
|
| 300 |
|
|
|a 1 online resource (212 pages)
|
| 336 |
|
|
|a text
|b txt
|2 rdacontent
|
| 337 |
|
|
|a computer
|b c
|2 rdamedia
|
| 338 |
|
|
|a online resource
|b cr
|2 rdacarrier
|
| 588 |
|
|
|a Description based on print version record.
|
| 590 |
|
|
|a Electronic reproduction. Ann Arbor, MI : ProQuest, 2018. Available via World Wide Web. Access may be limited to ProQuest affiliated libraries.
|
| 650 |
|
0 |
|a Economics.
|
| 650 |
|
0 |
|a Economic forecasting.
|
| 650 |
|
0 |
|a Money.
|
| 655 |
|
4 |
|a Electronic books.
|
| 776 |
0 |
8 |
|i Print version:
|a Boissin, Olivier.
|t Comprendre l'economie Contemporaine : Une Analyse economique et Monetaire.
|d Paris, France : Campus Ouvert, c2019
|h 212 pages
|z 9791090293571
|
| 797 |
2 |
|
|a ProQuest (Firm)
|
| 856 |
4 |
0 |
|u https://ebookcentral.proquest.com/lib/matrademy/detail.action?docID=6507687
|z Click to View
|